000 00222nam a2200097Ia 4500
008 190216s9999||||xx |||||||||||||| ||und||
100 _aEmili Soha
245 0 _aHindi-Numa
260 _bMac Millian And Com. Ltd
942 _cBK
999 _c18044
_d18044